Teoría de los servosistemas (Record no. 50470)

MARC details
000 -LEADER
campo de control de longitud fija 00669nam a2200193 i 4500
001 - NÚMERO DE CONTROL
campo de control 50470
003 - IDENTIFICADOR DE NÚMERO DE CONTROL
campo de control ES-MaACL
005 - FECHA Y HORA DE LA ÚLTIMA TRANSACCIÓN
campo de control 20230906162202.0
007 - CAMPO FIJO DE DESCRIPCIÓN FÍSICA--INFORMACIÓN GENERAL
campo de control de longitud fija t|
008 - DATOS DE LONGITUD FIJA--INFORMACIÓN GENERAL
campo de control de longitud fija 030804s1969 sp ||||1| spa d
100 1# - ENTRADA PRINCIPAL--NOMBRE DE PERSONA
Nombre de persona Cypkin, Ja. Z.
9 (RLIN) 42319
245 10 - MENCIÓN DEL TÍTULO
Título Teoría de los servosistemas
Resto del título : de todo o nada /
Mención de responsabilidad, etc. por Ja. Z. Cypkin ; traducción de Luis Ibáñez Morlán ; revisada por Enrique Freixa Pedrals.
260 ## - PUBLICACIÓN, DISTRIBUCIÓN, ETC.
Lugar de publicación, distribución, etc. Barcelona :
Nombre del editor, distribuidor, etc. Montaner y Simón,
Fecha de publicación, distribución, etc. [1969]
300 ## - DESCRIPCIÓN FÍSICA
Extensión VIII, 394 p. :
Otras características físicas il. ;
Dimensiones 24 cm.
650 04 - PUNTO DE ACCESO ADICIONAL DE MATERIA--TÉRMINO DE MATERIA
Término de materia o nombre geográfico como elemento de entrada Servomecanismos.
9 (RLIN) 17072
700 1# - ENTRADA AGREGADA--NOMBRE PERSONAL
Nombre de persona Ibáñez Morlán, Luis.
9 (RLIN) 64937
700 1# - ENTRADA AGREGADA--NOMBRE PERSONAL
Nombre de persona Freixas Pedrals, Enrique.
9 (RLIN) 52489
852 ## - LOCALIZACIÓN
Ubicación ES-MaACL
Número de control de estantería C-37853
Holdings
Estatus retirado Estado de pérdida Estado de daño No para préstamo Biblioteca de origen Biblioteca actual Ubicación en estantería Fecha de adquisición Fuente de adquisición Total de préstamos Signatura topográfica completa Código de barras Visto por última vez Precio de reemplazo Tipo de ítem Koha
        Biblioteca del Ateneo de Madrid Biblioteca del Ateneo de Madrid Depósito 2 17/01/2008     C-37853 1053091 23/02/2023 23/02/2023 Libro impreso